[Event "Williamson Sheild 2026"]
[Site "Maynard Sinclaire Pavilion, Stormont, Belfast, United Kingdom"]
[Date "2026.01.23"]
[Round "1.5"]
[White "Annesley, Gareth"]
[Black "Stinson, James"]
[Result "1-0"]
[TimeControl "60' + 30\""]
[WhiteFideId "250762"]
[BlackFideId "2529793"]
[WhiteElo "1920"]
[BlackElo "1630"]

1. e4 {[%clk 01:00:52]} {[%emt 00:00:12]} c6 {[%clk 01:01:11]} {[%emt
00:00:37]} 2. Nf3 {[%clk 01:01:17]} d5 {[%clk 01:01:23]} {[%emt 00:00:09]} 3.
exd5 {[%clk 01:01:42]} cxd5 {[%clk 01:01:37]} {[%emt 00:00:36]} 4. Ne5 {[%clk
01:02:07]} {[%emt 00:00:05]} Nf6 {[%clk 00:58:52]} {[%emt 00:02:49]} 5. d4
{[%clk 00:52:51]} {[%emt 00:09:46]} a6 {[%clk 00:54:58]} {[%emt 00:04:29]} 6.
Bd3 {[%clk 00:49:15]} {[%emt 00:04:00]} Nc6 {[%clk 00:48:07]} {[%emt 00:07:21]}
7. c3 {[%clk 00:49:06]} {[%emt 00:00:49]} e6 {[%clk 00:39:13]} {[%emt
00:09:15]} 8. O-O {[%clk 00:46:58]} {[%emt 00:02:54]} Nd7 {[%clk 00:27:25]}
{[%emt 00:12:01]} 9. Re1 {[%clk 00:45:53]} {[%emt 00:01:57]} Ndxe5 {[%clk
00:24:46]} {[%emt 00:02:49]} 10. dxe5 {[%emt 00:00:15]} f5 {[%clk 00:23:17]}
{[%emt 00:01:55]} 11. exf6 {[%clk 00:45:02]} {[%emt 00:01:42]} Qxf6 {[%clk
00:23:36]} {[%emt 00:00:10]} 12. Qh5+ {[%clk 00:43:50]} {[%emt 00:01:40]} g6
{[%clk 00:18:26]} {[%emt 00:05:40]} 13. Qxd5 {[%clk 00:37:10]} {[%emt
00:07:29]} Be7 {[%clk 00:16:57]} {[%emt 00:01:40]} 14. Qb3 {[%clk 00:36:45]}
{[%emt 00:00:55]} O-O {[%clk 00:15:52]} {[%emt 00:02:04]} 15. Be3 {[%clk
00:36:56]} Ne5 {[%clk 00:10:00]} {[%emt 00:06:20]} 16. Be2 {[%clk 00:36:50]}
{[%emt 00:00:28]} b5 {[%clk 00:10:18]} {[%emt 00:00:43]} 17. Nd2 {[%clk
00:36:40]} {[%emt 00:00:10]} Bb7 {[%clk 00:09:16]} {[%emt 00:01:34]} 18. f4
{[%clk 00:31:11]} {[%emt 00:06:06]} Bd5 {[%clk 00:05:03]} {[%emt 00:04:35]} 19.
Qc2 {[%clk 00:28:10]} {[%emt 00:03:30]} Nc4 {[%clk 00:01:55]} {[%emt 00:03:38]}
20. Nxc4 {[%clk 00:27:07]} {[%emt 00:01:32]} bxc4 {[%clk 00:02:18]} {[%emt
00:00:17]} 21. Rf1 {[%clk 00:26:25]} {[%emt 00:01:29]} Qf5 {[%clk 00:02:12]}
{[%emt 00:00:13]} 22. Qxf5 {[%clk 00:25:58]} {[%emt 00:00:54]} exf5 {[%clk
00:02:27]} {[%emt 00:00:14]} 23. Bf3 {[%clk 00:26:09]} {[%emt 00:00:21]} Rad8
{[%clk 00:02:32]} {[%emt 00:00:35]} 24. Bxd5+ {[%clk 00:26:10]} {[%emt
00:00:18]} Rxd5 {[%clk 00:02:48]} {[%emt 00:00:45]} 25. Rad1 {[%clk 00:26:36]}
{[%emt 00:00:09]} Rfd8 {[%clk 00:03:05]} 26. Rxd5 {[%clk 00:26:54]} Rxd5 {[%clk
00:03:26]} 27. Bd4 {[%clk 00:27:18]} {[%emt 00:00:08]} Kf7 {[%clk 00:03:44]}
{[%emt 00:00:36]} 28. Kf2 {[%clk 00:25:58]} {[%emt 00:01:21]} Bf6 {[%clk
00:02:53]} {[%emt 00:01:23]} 29. Ke3 {[%clk 00:25:43]} {[%emt 00:00:44]} Ke6
{[%clk 00:03:00]} {[%emt 00:00:48]} 30. Rd1 {[%clk 00:24:55]} {[%emt 00:00:53]}
Be7 {[%clk 00:02:49]} {[%emt 00:01:03]} 31. b3 {[%clk 00:24:12]} {[%emt
00:00:53]} cxb3 {[%clk 00:02:34]} {[%emt 00:00:46]} 32. axb3 {[%clk 00:24:31]}
{[%emt 00:00:08]} Bf6 {[%clk 00:02:06]} {[%emt 00:00:58]} 33. Ra1 {[%clk
00:23:51]} {[%emt 00:01:09]} Bxd4+ {[%clk 00:02:22]} {[%emt 00:00:16]} 34. cxd4
{[%clk 00:24:12]} {[%emt 00:00:11]} a5 {[%clk 00:02:41]} {[%emt 00:00:22]} 35.
Kd3 {[%clk 00:24:11]} {[%emt 00:00:16]} Rb5 {[%clk 00:01:56]} {[%emt 00:01:16]}
36. Kc4 {[%clk 00:23:07]} {[%emt 00:01:33]} Rd5 {[%clk 00:02:22]} {[%emt
00:00:07]} 37. Re1+ {[%clk 00:22:46]} {[%emt 00:00:49]} Kd6 {[%clk 00:02:37]}
{[%emt 00:00:29]} 38. Re5 {[%clk 00:23:05]} Rxe5 {[%clk 00:02:33]} {[%emt
00:00:30]} 39. fxe5+ {[%clk 00:23:32]} {[%emt 00:00:09]} Ke6 {[%clk 00:02:29]}
{[%emt 00:00:51]} 40. Kb5 {[%clk 00:22:28]} {[%emt 00:01:11]} g5 {[%clk
00:02:44]} {[%emt 00:00:22]} 41. Kxa5 {[%clk 00:22:27]} {[%emt 00:00:23]} g4
{[%clk 00:02:52]} {[%emt 00:00:26]} 42. g3 {[%clk 00:22:38]} {[%emt 00:00:29]}
h5 {[%clk 00:02:18]} {[%emt 00:00:51]} 43. Kb6 {[%clk 00:11:58]} {[%emt
00:11:10]} Kd5 {[%clk 00:01:41]} {[%emt 00:01:10]} 44. Kc7 {[%clk 00:11:53]}
{[%emt 00:01:11]} h4 {[%clk 00:01:53]} {[%emt 00:00:05]} 45. Kd7 {[%clk
00:11:20]} {[%emt 00:00:37]} hxg3 {[%emt 00:01:00]} 46. hxg3 {[%emt 00:00:05]}
f4 {[%clk 00:01:20]} 47. e6 {[%clk 00:10:03]} {[%emt 00:01:47]} fxg3 {[%emt
00:00:48]} 48. e7 {[%emt 00:00:35]} g2 {[%clk 00:00:39]} 49. e8=Q {[%clk
00:10:21]} {[%emt 00:00:05]} g1=Q {[%clk 00:00:46]} {[%emt 00:00:12]} 50. Qe5#
{[%emt 00:00:36]} 1-0

[ePGN "0.1;DGT LiveChess/2.2.7"]

[Event "Williamson Sheild 2026"]
[Site "Maynard Sinclaire Pavilion, Stormont, Belfast, United Kingdom"]
[Date "2026.01.23"]
[Round "1.6"]
[White "Aharshri, Baneriee"]
[Black "Campbell, Andrew"]
[Result "0-1"]
[TimeControl "60' + 30\""]
[WhiteFideId "2524600"]
[BlackFideId "2518392"]
[WhiteElo "1607"]
[BlackElo "1904"]

1. d4 {[%clk 01:00:57]} Nf6 {[%clk 01:00:44]} 2. Nc3 {[%clk 01:01:00]} {[%emt
00:00:13]} g6 {[%clk 01:01:07]} {[%emt 00:00:12]} 3. e4 {[%clk 01:01:15]}
{[%emt 00:00:10]} d6 {[%clk 01:01:35]} {[%emt 00:00:11]} 4. f3 {[%clk
01:01:17]} {[%emt 00:00:29]} Bg7 {[%clk 01:01:55]} {[%emt 00:00:05]} 5. Bf4
{[%clk 01:01:41]} {[%emt 00:00:05]} c6 {[%clk 01:01:49]} {[%emt 00:00:58]} 6.
Qd2 {[%clk 01:01:05]} {[%emt 00:00:48]} b5 {[%clk 00:59:09]} {[%emt 00:03:02]}
7. g4 {[%clk 01:00:06]} {[%emt 00:01:30]} Nbd7 {[%clk 00:56:05]} {[%emt
00:03:32]} 8. Bd3 {[%clk 00:59:29]} {[%emt 00:01:10]} O-O {[%clk 00:50:01]}
{[%emt 00:06:31]} 9. Bh6 {[%clk 00:59:52]} {[%emt 00:00:40]} b4 {[%clk
00:49:47]} {[%emt 00:00:11]} 10. Nce2 {[%clk 01:00:11]} {[%emt 00:00:37]} c5
{[%clk 00:50:09]} {[%emt 00:00:04]} 11. h4 {[%clk 00:59:44]} {[%emt 00:00:35]}
Nb6 {[%clk 00:47:34]} {[%emt 00:03:06]} 12. h5 {[%clk 00:59:50]} {[%emt
00:00:23]} c4 {[%clk 00:47:58]} {[%emt 00:00:33]} 13. hxg6 {[%clk 01:00:07]}
{[%emt 00:00:17]} fxg6 {[%clk 00:46:04]} {[%emt 00:01:54]} 14. e5 {[%clk
00:59:23]} {[%emt 00:01:39]} dxe5 {[%clk 00:40:18]} {[%emt 00:05:51]} 15. dxe5
{[%clk 00:59:24]} {[%emt 00:00:53]} cxd3 {[%clk 00:38:24]} {[%emt 00:02:00]} 16.
exf6 {[%clk 00:59:00]} {[%emt 00:01:21]} dxe2 {[%clk 00:34:39]} {[%emt
00:03:51]} 17. Bxg7 {[%clk 00:58:11]} {[%emt 00:01:15]} Qxd2+ {[%clk 00:34:54]}
{[%emt 00:00:48]} 18. Kxd2 {[%clk 00:58:32]} Rd8+ {[%clk 00:34:37]} {[%emt
00:00:23]} 19. Kxe2 {[%clk 00:58:16]} {[%emt 00:00:45]} Ba6+ {[%clk 00:35:02]}
{[%emt 00:00:43]} 20. Ke1 {[%clk 00:57:53]} {[%emt 00:00:16]} exf6 {[%clk
00:34:51]} {[%emt 00:00:41]} 21. Bxf6 {[%clk 00:58:08]} {[%emt 00:00:33]} Rd6
{[%clk 00:34:49]} {[%emt 00:00:16]} 22. Bg5 {[%clk 00:57:42]} {[%emt 00:00:53]}
Re8+ {[%clk 00:34:39]} {[%emt 00:00:40]} 23. Kf2 {[%clk 00:57:54]} {[%emt
00:00:47]} Nc4 {[%clk 00:32:43]} {[%emt 00:01:59]} 24. b3 {[%clk 00:54:42]}
{[%emt 00:03:41]} Na3 {[%clk 00:32:31]} {[%emt 00:00:41]} 25. Rc1 {[%clk
00:52:57]} {[%emt 00:02:40]} Rc6 {[%clk 00:32:38]} {[%emt 00:00:15]} 26. Bd2
{[%clk 00:52:38]} {[%emt 00:00:38]} Nxc2 {[%clk 00:29:42]} {[%emt 00:03:29]} 27.
Bxb4 {[%clk 00:51:43]} {[%emt 00:01:21]} Nxb4 {[%clk 00:29:13]} {[%emt
00:00:53]} 28. Rxc6 {[%clk 00:52:04]} {[%emt 00:00:13]} Nxc6 {[%clk 00:29:32]}
{[%emt 00:00:08]} 29. Rh2 {[%clk 00:51:52]} {[%emt 00:00:44]} Nb4 {[%clk
00:28:51]} {[%emt 00:01:50]} 30. a3 {[%clk 00:52:06]} {[%emt 00:00:05]} Nd3+
{[%clk 00:29:14]} 31. Kg3 {[%clk 00:52:26]} Rc8 {[%clk 00:24:33]} {[%emt
00:05:00]} 32. Nh3 {[%clk 00:51:55]} {[%emt 00:00:58]} h6 {[%clk 00:23:54]}
{[%emt 00:01:24]} 33. Nf4 {[%clk 00:52:02]} {[%emt 00:00:09]} Nxf4 {[%clk
00:24:21]} {[%emt 00:00:37]} 34. Kxf4 {[%clk 00:52:22]} Kg7 {[%clk 00:24:35]}
35. Rd2 {[%clk 00:52:25]} {[%emt 00:00:19]} Rc7 {[%clk 00:24:33]} {[%emt
00:00:35]} 36. a4 {[%clk 00:52:02]} {[%emt 00:01:04]} Bb7 {[%clk 00:24:43]}
{[%emt 00:00:06]} 37. Rd4 {[%clk 00:52:02]} {[%emt 00:01:04]} Rf7+ {[%clk
00:25:38]} {[%emt 00:00:05]} 38. Ke5 {[%clk 00:52:05]} {[%emt 00:00:22]} Bxf3
{[%clk 00:25:20]} {[%emt 00:00:47]} 39. Rf4 {[%clk 00:51:56]} {[%emt 00:00:54]}
Rxf4 {[%clk 00:25:33]} {[%emt 00:00:11]} 40. Kxf4 {[%clk 00:52:09]} {[%emt
00:00:14]} Bd1 {[%clk 00:26:02]} {[%emt 00:00:05]} 0-1

[ePGN "0.1;DGT LiveChess/2.2.7"]

[Event "Williamson Sheild 2026"]
[Site "Maynard Sinclaire Pavilion, Stormont, Belfast, United Kingdom"]
[Date "2026.01.24"]
[Round "2.1"]
[White "Khanzharov, Edward"]
[Black "Tahmanker, Mandar"]
[Result "0-1"]
[TimeControl "60' + 30\""]
[WhiteFideId "2511975"]
[BlackFideId "5019400"]
[WhiteElo "1817"]
[BlackElo "2081"]

1. e4 {[%clk 01:00:57]} {[%emt 00:00:36]} c6 {[%clk 00:57:51]} {[%emt
00:02:37]} 2. d4 {[%clk 01:01:21]} {[%emt 00:00:13]} d5 {[%clk 00:58:12]}
{[%emt 00:00:05]} 3. e5 {[%clk 01:01:47]} {[%emt 00:00:04]} c5 {[%clk
00:58:24]} {[%emt 00:00:18]} 4. dxc5 {[%clk 01:02:10]} {[%emt 00:00:21]} e6
{[%clk 00:58:38]} {[%emt 00:00:15]} 5. Be3 {[%clk 01:02:35]} Nd7 {[%clk
00:58:58]} 6. Bb5 {[%clk 01:02:54]} {[%emt 00:00:08]} Ne7 {[%clk 00:59:15]}
{[%emt 00:00:43]} 7. c3 {[%clk 00:56:34]} {[%emt 00:06:21]} Nc6 {[%clk
00:53:31]} {[%emt 00:06:18]} 8. Bxc6 {[%clk 00:55:09]} {[%emt 00:01:50]} bxc6
{[%clk 00:51:40]} {[%emt 00:02:23]} 9. Nf3 {[%clk 00:54:39]} {[%emt 00:01:16]}
Bxc5 {[%clk 00:51:33]} {[%emt 00:00:42]} 10. Bxc5 {[%clk 00:53:33]} {[%emt
00:01:12]} Nxc5 {[%clk 00:51:06]} {[%emt 00:00:58]} 11. O-O {[%clk 00:53:44]}
{[%emt 00:00:38]} O-O {[%clk 00:50:58]} {[%emt 00:00:18]} 12. Nbd2 {[%clk
00:53:05]} {[%emt 00:01:13]} Ba6 {[%clk 00:51:01]} {[%emt 00:00:27]} 13. Re1
{[%clk 00:43:57]} {[%emt 00:09:34]} Nd3 {[%clk 00:49:17]} {[%emt 00:02:45]} 14.
Re3 {[%clk 00:44:18]} Nxb2 {[%clk 00:48:53]} {[%emt 00:00:33]} 15. Qc2 {[%clk
00:43:58]} {[%emt 00:01:13]} Nc4 {[%clk 00:47:01]} {[%emt 00:01:59]} 16. Nxc4
{[%clk 00:44:19]} {[%emt 00:00:41]} Bxc4 {[%clk 00:47:27]} 17. h4 {[%clk
00:44:08]} {[%emt 00:00:13]} h6 {[%clk 00:47:17]} {[%emt 00:00:41]} 18. Rd1
{[%clk 00:39:58]} {[%emt 00:05:03]} c5 {[%clk 00:45:17]} {[%emt 00:02:06]} 19.
Re4 {[%clk 00:32:54]} {[%emt 00:07:34]} Qa5 {[%clk 00:30:24]} {[%emt 00:15:23]}
20. Rg4 {[%clk 00:33:15]} {[%emt 00:00:19]} Qxa2 {[%clk 00:27:59]} {[%emt
00:03:03]} 21. Qc1 {[%clk 00:33:39]} Kh8 {[%clk 00:28:10]} {[%emt 00:00:06]} 22.
Qf4 {[%clk 00:31:22]} {[%emt 00:02:52]} Qc2 {[%clk 00:25:40]} {[%emt 00:02:56]}
23. Rd2 {[%clk 00:21:57]} {[%emt 00:09:55]} Qh7 {[%clk 00:18:18]} {[%emt
00:07:51]} 24. Rb2 {[%clk 00:14:15]} {[%emt 00:08:13]} Bd3 {[%clk 00:10:45]}
{[%emt 00:08:03]} 25. h5 {[%clk 00:09:13]} {[%emt 00:05:31]} a5 {[%clk
00:08:12]} {[%emt 00:03:04]} 26. Nh4 {[%clk 00:06:57]} {[%emt 00:02:45]} a4
{[%clk 00:08:08]} {[%emt 00:00:33]} 0-1

[ePGN "0.1;DGT LiveChess/2.2.7"]

[Event "Williamson Sheild 2026"]
[Site "Maynard Sinclaire Pavilion, Stormont, Belfast, United Kingdom"]
[Date "2026.01.24"]
[Round "2.2"]
[White "Scannel, Steve"]
[Black "Anayraj, Tripathy"]
[Result "0-1"]
[TimeControl "60' + 30\""]
[WhiteFideId "2501104"]
[BlackFideId "2523523"]
[WhiteElo "2042"]
[BlackElo "1821"]

1. d4 {[%clk 01:00:35]} {[%emt 00:00:26]} Nf6 {[%clk 01:00:56]} 2. Nf3 {[%clk
01:00:56]} {[%emt 00:00:06]} e6 {[%clk 01:01:22]} {[%emt 00:00:43]} 3. e3
{[%clk 01:01:10]} b6 {[%clk 01:01:48]} 4. Bd3 {[%clk 01:01:36]} Bb7 {[%clk
01:02:13]} 5. O-O {[%clk 01:01:53]} {[%emt 00:00:06]} Be7 {[%clk 01:02:24]}
{[%emt 00:00:20]} 6. b3 {[%clk 01:01:59]} {[%emt 00:00:25]} O-O {[%clk
01:02:46]} {[%emt 00:00:06]} 7. Bb2 {[%clk 01:02:26]} {[%emt 00:00:05]} d5
{[%clk 01:03:14]} {[%emt 00:00:04]} 8. Nbd2 {[%clk 01:02:36]} {[%emt 00:00:16]}
Nbd7 {[%clk 01:02:33]} {[%emt 00:01:08]} 9. Ne5 {[%clk 01:00:38]} {[%emt
00:02:29]} c5 {[%clk 01:02:18]} {[%emt 00:00:46]} 10. f4 {[%clk 00:59:04]}
{[%emt 00:02:46]} Ne4 {[%clk 00:51:56]} {[%emt 00:10:10]} 11. Nxe4 {[%clk
00:48:32]} {[%emt 00:11:03]} dxe4 {[%clk 00:52:21]} {[%emt 00:00:04]} 12. Bb5
{[%clk 00:48:52]} {[%emt 00:00:28]} Nf6 {[%clk 00:51:55]} {[%emt 00:00:36]} 13.
Nc6 {[%clk 00:47:43]} {[%emt 00:02:06]} Qc7 {[%clk 00:47:50]} {[%emt 00:04:11]}
14. Nxe7+ {[%clk 00:48:06]} {[%emt 00:00:05]} Qxe7 {[%clk 00:48:18]} {[%emt
00:00:44]} 15. a4 {[%clk 00:46:01]} {[%emt 00:01:53]} Rfd8 {[%clk 00:46:45]}
{[%emt 00:02:02]} 16. Qe1 {[%clk 00:41:01]} {[%emt 00:05:47]} Nd5 {[%clk
00:45:15]} {[%emt 00:01:47]} 17. Qg3 {[%clk 00:37:06]} {[%emt 00:04:22]} Qf6
{[%clk 00:44:33]} {[%emt 00:01:12]} 18. Rab1 {[%clk 00:35:02]} {[%emt
00:02:37]} Qg6 {[%clk 00:44:57]} {[%emt 00:00:10]} 19. Qf2 {[%clk 00:33:55]}
{[%emt 00:01:30]} Rac8 {[%clk 00:31:57]} {[%emt 00:13:42]} 20. Bc4 {[%clk
00:27:45]} {[%emt 00:06:27]} Nb4 {[%clk 00:27:38]} {[%emt 00:04:48]} 21. dxc5
{[%clk 00:24:45]} {[%emt 00:03:44]} bxc5 {[%clk 00:26:55]} {[%emt 00:01:00]} 22.
Rbd1 {[%clk 00:24:01]} {[%emt 00:01:46]} Bd5 {[%clk 00:26:49]} {[%emt
00:00:14]} 23. Qe2 {[%clk 00:22:32]} {[%emt 00:02:19]} Rc7 {[%clk 00:24:01]}
{[%emt 00:02:47]} 24. c3 {[%clk 00:17:27]} {[%emt 00:06:04]} Nd3 {[%clk
00:17:11]} {[%emt 00:06:51]} 25. Bxd3 {[%clk 00:06:57]} {[%emt 00:11:45]} exd3
{[%clk 00:17:40]} 26. Rxd3 {[%clk 00:07:10]} Rcd7 {[%clk 00:18:03]} {[%emt
00:00:04]} 27. f5 {[%clk 00:07:29]} exf5 {[%clk 00:17:53]} {[%emt 00:00:27]} 28.
g3 {[%clk 00:04:19]} {[%emt 00:03:43]} Be4 {[%clk 00:17:38]} {[%emt 00:00:48]}
29. Rxd7 {[%clk 00:04:37]} {[%emt 00:00:07]} Rxd7 {[%clk 00:18:07]} {[%emt
00:00:39]} 30. Qb5 {[%clk 00:04:50]} {[%emt 00:00:15]} Qd6 {[%clk 00:16:15]}
{[%emt 00:02:18]} 31. Re1 {[%clk 00:03:25]} {[%emt 00:01:28]} h6 {[%clk
00:15:59]} {[%emt 00:00:47]} 32. Qe2 {[%clk 00:03:38]} {[%emt 00:00:16]} Qd2
{[%clk 00:15:05]} {[%emt 00:01:42]} 33. c4 {[%clk 00:03:53]} {[%emt 00:00:05]}
Qb4 {[%clk 00:12:56]} {[%emt 00:02:56]} 34. Rd1 {[%clk 00:04:07]} {[%emt
00:00:09]} Rb7 {[%clk 00:13:21]} 35. Rd8+ {[%clk 00:02:57]} {[%emt 00:01:23]}
Kh7 {[%clk 00:13:49]} {[%emt 00:00:05]} 36. Rc8 {[%clk 00:03:18]} {[%emt
00:00:06]} Rd7 {[%clk 00:14:04]} {[%emt 00:00:15]} 37. Bc1 {[%clk 00:03:25]}
{[%emt 00:00:20]} Qxb3 {[%clk 00:14:21]} {[%emt 00:00:55]} 38. Kf2 {[%clk
00:02:59]} {[%emt 00:00:14]} Rd1 {[%clk 00:12:27]} {[%emt 00:02:24]} 39. Rb8
{[%clk 00:01:44]} {[%emt 00:01:46]} Qxa4 {[%clk 00:12:10]} {[%emt 00:00:46]} 40.
Bb2 {[%clk 00:01:58]} {[%emt 00:00:44]} Bd3 {[%clk 00:12:18]} {[%emt 00:00:05]}
41. Qh5 {[%clk 00:01:40]} {[%emt 00:00:37]} Rf1+ {[%clk 00:11:38]} {[%emt
00:01:35]} 42. Kg2 {[%clk 00:02:08]} {[%emt 00:00:04]} Qc6+ {[%clk 00:11:28]}
{[%emt 00:00:12]} 43. Kh3 {[%clk 00:02:32]} {[%emt 00:00:13]} Rf2 {[%clk
00:11:35]} {[%emt 00:00:43]} 0-1

[ePGN "0.1;DGT LiveChess/2.2.7"]